00358nam a22001337a 450000500170000000800410001704100130005808200120007110000120008324500270009526000450012230000330016765000240020020240729091430.0240729b |||||||| |||| 00| 0 eng d aEnglish  a349 SUP lEnglish aSupreme Court Reports  aCape Town:bJuta and Company Ltd, c1899 bxlviii, 580 pages; c25 cm.  aLegal practicebLaw